Sólová inštrumentálna hudba (5)

Bibliographic Details
Other Authors: Meliš, A. (Musician), Jantoš, V. (Musician), Prekop, O. (Musician), Danco, M. (Musician), Viboch, J. (Musician), Belíca, J. (Musician), Gašpar, Š. (Musician), Zboroň, Jozef (Musician), Králik, Jan (Musician)
Format: CD Audio
Language:Slovak
PhysicalDescription:1 gramofónová platňa 18 cm
Published: [ Praha] Supraphon [1960]
Subjects:

MARC

LEADER 00000njm a2200000 4500
001 vtls012012695
003 SK-MaSNL
005 20260331212311.0
007 sd cszc p
008 210201s1960 xr sgz g 0 0 slo
028 0 1 |a 03086  |b Supraphon 
028 1 3 |a 45 1074/A 1B  |b Supraphon 
028 1 3 |a 45 1075/A 1F  |b Supraphon 
028 0 1 |a F-09*10057  |b Supraphon 
040 |a SNK  |b slo  |c SNK  |e rda 
041 0 |a slo 
044 |a xr  |c CZ 
072 7 |a 785  |x Inštrumentálna hudba. Symfonická hudba. Hudba pre viac nástrojov  |2 konspekt 
080 |a 785  |2 2011 
080 |a (437.6)  |2 2011 
080 |a (086.72)  |2 2011 
100 1 |a Meliš, A.  |4 mus  |9 273219 
245 0 0 |a Sólová inštrumentálna hudba (5)  |c A. Meliš - rífová píšťala, V. Jantoš- podolka, O. Prekop - hadránská píšťala, M. Danco - fujara, píšťala 
264 1 |a [ Praha]  |b Supraphon  |c [1960] 
264 4 |c ℗1960 
300 |a 1 gramofónová platňa  |c 18 cm 
336 |a hraná hudba  |b prm  |2 rdacontent 
337 |a audio  |b s  |2 rdamedia 
338 |a iný  |b z  |2 rdacarrier 
340 |a vinyl  |a rda 
344 |a analog  |c 45 ot/min  |g stereo  |2 rda 
500 |a Platňa obsahuje 2 skladby 
500 |a Názov prevzatý z prvej strany platne 
500 |a Miesto a rok vydania podľa vydavateľa 
500 |a Antologie autentických forem: Slovenský hudobný folklór 
650 0 7 |a inštrumentálna hudba  |2 SNKPH  |9 3421 
650 0 7 |a Instrumental music  |2 SNKPHeng  |9 317088 
650 0 7 |a ľudová hudba  |2 SNKPH  |9 3183 
650 0 7 |a Folk music  |2 SNKPHeng  |9 90462 
651 7 |a Slovensko  |2 SNKPHgeo  |9 14231 
651 7 |a Slovakia  |2 SNKPHeng  |9 92630 
655 7 |a gramofónové platne  |2 SNKPH  |9 74608 
655 7 |a Gramophone records  |2 SNKPHeng  |9 286457 
700 1 |a Jantoš, V.  |4 mus  |9 421475 
700 1 |a Prekop, O.  |4 mus  |9 421476 
700 1 |a Danco, M.  |4 mus  |9 421477 
700 1 |a Viboch, J.  |4 mus  |9 421478 
700 1 |a Belíca, J.  |4 mus  |9 421479 
700 1 |a Gašpar, Š.  |4 mus  |9 421480 
700 1 |a Zboroň, Jozef  |4 mus  |9 421481 
700 1 |a Králik, Jan  |4 mus  |9 5477 
740 0 2 |a Sólová inštrumentálna hudba (5)  |h zvukový záznam 
740 0 2 |a Sólová inštrumentálna hudba (6)  |h zvukový záznam 
999 |c 672017  |d 673947 
952 |a SNK  |b SNK  |y PREZ  |7 0  |p 17A1419805  |o snk 45-33  |i snk1129/65  |0 0  |1 0  |4 0  |d 2021-02-01  |l 0  |r 2026-02-23 19:30:05  |w 2026-02-23